Statistics for Rocket league points (2021)

Click here to take the quiz!

General Stats

  • This quiz has been taken 27 times
  • The average score is 25 of 26

Answer Stats

HintAnswer% Correct
low five5
100%
bicycle hit0
95%
demolition0
95%
MVP0
95%
win0
95%
first touch0
95%
shot on goal10
95%
center ball10
95%
Goal100
95%
hitting ball2
95%
long goal20
95%
turtle goal20
95%
pool shot20
95%
bicycle goal20
95%
backwards goal20
95%
clear ball20
95%
extermination20
95%
aerial goal20
95%
high five20
95%
assist50
95%
save50
95%
hat trick25
90%
playmaker25
90%
saviour25
90%
overtime goal25
90%
epic save75
90%

Score Distribution

Percentile by Number Answered

Percent of People with Each Score

Your Score History

You have not taken this quiz